000 00650nam a22002057a 4500
999 _c185816
_d185816
005 20220210114424.0
010 _aENG-131495
020 _a9788181715036
_c4200.00
035 _aEN-115027
037 _bDBAD
082 _a577.7860954
100 _aChandra, Kailash
245 _aCurrent Status of Estuarine Biodiversity in India/
_cKailash Chandra, C. Raghunathan, SwetaPadma Dash
260 _aKolkata
_bZoological Survey of India
_c2018
270 _aM-Block, New Alipore
_bKolkata
_e700053
300 _a576p.
_c25cm(hbk)
700 _aRaghunathan, C.
700 _aSwetapadma, Dash
942 _2ddc
_cEN
_h577.7860954
_mCHA